| 000 | 01083nam a2200313 i 4500 | ||
|---|---|---|---|
| 003 | EG-GICUC | ||
| 005 | 20260224105812.0 | ||
| 008 | 260224s1969 fr ||||fr|||| 00| 0 fre d | ||
| 040 |
_aEG-GiCUC _bfre _cEG-GiCUC _dEG-GiCUC _erda |
||
| 082 | 0 | 4 |
_221 _a341.1 _bCA . D |
| 092 | 0 | 4 | _221 |
| 099 | _aLaw1 11 341.1 CA . D 1969 | ||
| 100 | 1 |
_aCavaré, Louis _eAuteur |
|
| 245 | 1 | 3 |
_aLe Droit International Public Positif : _bLes Modalités Des Relations Juridiques Internationales Les Compétences Respectives Des États. _nTome II / _cLouis Cavaré. |
| 250 | _aTroisième Édition | ||
| 264 | 1 |
_aParis : _bEditions a. Pedone, _c1969. |
|
| 300 |
_a952pages : _billustrations, _c24 cm |
||
| 336 |
_2rda content _atext |
||
| 337 |
_2rda media _aComputer |
||
| 338 |
_2rda carrier _aOnline Resource |
||
| 504 | _a | ||
| 546 | _aTexte en français | ||
| 650 | 1 | 4 |
_aDroit international public _2 |
| 651 | 1 | _2 | |
| 856 | 4 | 0 | _uhttps://fll.law.cu.edu.eg/fulltext/bks/B11-08017.pdf |
| 905 | _a50 | ||
| 942 |
_2ddc _cBK _e21 _n0 |
||
| 999 |
_c64105 _d64105 |
||